Bilecik Bilecik Bilecik Bilecik Bilecik

Prenses ve çoban/ (Record no. 5334)

MARC details
000 -BAŞLIK
Sabit Uzunluktaki Kontrol Alanı 01132nam a22003737a 4500
001 - KONTROL NUMARASI
Control Dosyası 0005352
003 - KONTROL NUMARASI KİMLİĞİ
Kontrol Alanı KOHA_MİRAKIL
005 - EN SON İŞLEM TARİHİ ve ZAMANI
Kontrol Alanı 20260207001442.0
007 - FİZİKSEL TANIM SABİT ALAN - GENEL BİLGİ
Sabit uzunluklu kontrol alanı ta
008 - SABİT UZUNLUKTAKİ VERİ ÖGELERİ - GENEL BİLGİ
Sabit Alan 090603b1993 tu |||gr||||#0|||d|tur |
020 ## - ISBN - ULUSLARARASI STANDART KİTAP NUMARASI
Isbn 9751713021
Kullanılabilirlik koşulları 0,01
040 ## - KATALOGLAMA KAYNAĞI
Özgün Kataloglama Kurumu TR-BiSEU
Kataloglama Dili tur
Çeviri Kurumu TR-BiSEU
Açıklama Kuralları rda
041 0# - DİL KODU
Metin ya da ses kaydının dil kodu tur
044 ## - YAYINLAYAN/ÜRETEN KURULUŞUN ÜLKE KODU
ISO country code tu
050 ## - SINIFLAMA ve YER NUMARASI
Sınıflama Numarası PL237.P74
Yer Numarası O73 1993
100 1# - KİŞİ ADI
Yazar Adı (Kişi adı) Oral, Ünver.
245 1# - ESER ADI BİLDİRİMİ
Başlık Prenses ve çoban/
Sorumluluk Bildirimi Ünver Oral ; Ünver Oral.
250 ## - BASIM BİLDİRİMİ
Basım Bildirimi 1.bsm.
264 #1 - ÜRERİM, YAYIN, DAĞITIM ve TELİF BİLDİRİMİ
Yayın yeri Ankara :
Yayınlayan Kültür Bakanlığı
Yayın tarihi 1993
300 ## - FİZİKSEL TANIMLAMA
Sayfa, Cilt vb. VII, 48 sayfa
336 ## - İÇERİK TÜRÜ
Content type term metin
Content type code txt
Source rdacontent
337 ## - MEDYA TÜRÜ
Media type term aracısız
Media type code n
Source rdamedia
338 ## - TAŞIYICI TÜRÜ
Carrier type term cilt
Carrier type code nc
Source rdacarrier
490 1# - DİZİ BİLDİRİMİ
Dizi Bildirimi Kültür Bakanlığı yayınları ;1523.
490 1# - DİZİ BİLDİRİMİ
Dizi Bildirimi Yayımlar Dairesi Başkanlığı.
490 1# - DİZİ BİLDİRİMİ
Dizi Bildirimi Çocuk-tiyatro dizisi ;
Cilt Numarası 137-85.
650 #0 - KONU BAŞLIĞI EK GİRİŞ - KONU TERİMİ
Konusal terim veya coğrafi ad Turkish Plays.
9 (RLIN) 12918
650 #0 - KONU BAŞLIĞI EK GİRİŞ - KONU TERİMİ
Konusal terim veya coğrafi ad Türk oyunları.
9 (RLIN) 12919
830 1# - SERİ EK GİRİŞİ - TEKBİÇİM ESER ADI
Tekbiçim Başlık Kültür Bakanlığı yayınları ;1523.
9 (RLIN) 12920
830 1# - SERİ EK GİRİŞİ - TEKBİÇİM ESER ADI
Tekbiçim Başlık Yayımlar Dairesi Başkanlığı.
9 (RLIN) 10561
830 1# - SERİ EK GİRİŞİ - TEKBİÇİM ESER ADI
Tekbiçim Başlık Çocuk-tiyatro dizisi ;
Volume number/sequential designation 137-85.
9 (RLIN) 12921
907 ## - LOCAL DATA ELEMENT G, LDG (RLIN)
a Tiyatro
942 ## - EK GİRİŞ ÖGELERİ (KOHA)
Source of classification or shelving scheme Library of Congress Classification
Koha item type Book
Holdings
Materyal Türü Kalıcı Konum Mevcut Konum Raf Yeri Sınıflandırma Kaynağı Edinim Bilgisi Ana Konular Alt Konular Yer Numarası Demirbaş Numarası Fatura Tarihi Geri Çekilme Durumu Kayıp Durumu Hasarlı Durumu Kredi için değil Kayıt Tarih Toplam Ödünçverme Son Görülme Tarihi Son Kontrol Tarihi Genel / Bağış Notu
Book Prof. Dr. Azmi Özcan Kütüphanesi Prof. Dr. Azmi Özcan Kütüphanesi Birûni Salonu Library of Congress Classification Bağış DİL VE EDEBİYAT Doğu Asya, Afrika, Okyanusya Dilleri ve Edebiyatları PL237.P74 O73 1993 0005352 13/08/2010         03/06/2009   05/12/2024 05/12/2024 İİBF